Statistics for prepositions

Click here to take the quiz!

General Stats

  • This quiz has been taken 13 times
  • The average score is 24 of 47

Answer Stats

Answer% Correct
from
100%
to
100%
at
86%
under
86%
below
71%
between
71%
by
71%
for
71%
in
71%
on
71%
through
71%
up
71%
with
71%
above
57%
across
57%
after
57%
beside
57%
into
57%
of
57%
off
57%
over
57%
without
57%
about
43%
against
43%
along
43%
among
43%
around
43%
behind
43%
but
43%
past
43%
throughout
43%
toward
43%
until
43%
within
43%
amid
29%
before
29%
beneath
29%
besides
29%
beyond
29%
concerning
29%
during
29%
since
29%
underneath
29%
upon
29%
except
14%
like
14%
down
0%

Score Distribution

Percentile by Number Answered

Percent of People with Each Score

Your Score History

You have not taken this quiz